000 00969nam a2200265Ia 4500
003 OSt
005 20220930072558.0
006 a|||||r|||| 00| 0
007 ta
008 220926b |||||||| |||| 00| 0 eng d
024 _a24621
037 _cTheses
040 _aCRL
_cCRL
_beng
041 _2eng
_aeng
100 _aSehgal Arun
_9530087
110 _aUniversity of Delhi. Faculty of Medical Sciences. Department of Anaesthesiology
_9519568
245 0 _aDouble blind comparison of bupivacaine and centbucridine for post operative analgesia in patients undergoing upper abdominal surgery using thoracic paravertebral block
260 _c1997
300 _a104p.
_ap.
_ccm.
650 _aANESTHETICS
_9519569
700 _a Dr Mridula Pawar Supervisor
_9530088
700 _aUniversity of Delhi. Faculty of Medical Sciences. Department of Anaesthesiology
_9519571
942 _cDIS
_2CC
999 _c864078
_d864078